Study on forest management in kratie province, សិក្សាពីការរៀបចំគ្រប់គ្រងព្រៃនៅខេត្តរតនៈគិរី (Record no. 3160)

000 -LEADER
fixed length control field 00535nam a22001577a 4500
003 - CONTROL NUMBER IDENTIFIER
control field OSt
005 - DATE AND TIME OF LATEST TRANSACTION
control field 20151105134426.0
008 - FIXED-LENGTH DATA ELEMENTS--GENERAL INFORMATION
fixed length control field 151105b xxu||||| |||| 00| 0 eng d
040 ## - CATALOGING SOURCE
Transcribing agency RUA
082 ## - DEWEY DECIMAL CLASSIFICATION NUMBER
Classification number FOR BO 1999 B126 Or.1
100 ## - MAIN ENTRY--PERSONAL NAME
9 (RLIN) 3387
Personal name BO, YOURY.
245 ## - TITLE STATEMENT
Title Study on forest management in kratie province, សិក្សាពីការរៀបចំគ្រប់គ្រងព្រៃនៅខេត្តរតនៈគិរី
260 ## - PUBLICATION, DISTRIBUTION, ETC. (IMPRINT)
Place of publication, distribution, etc. Phnom Penh
Name of publisher, distributor, etc. RUA
Date of publication, distribution, etc. 2009
300 ## - PHYSICAL DESCRIPTION
Extent 59p.
Other physical details ill.
Dimensions 29cm.
942 ## - ADDED ENTRY ELEMENTS (KOHA)
Source of classification or shelving scheme
Koha item type FOR
Holdings
Price effective from Date last seen Permanent Location Not for loan Date acquired Source of classification or shelving scheme Koha item type Barcode Lost status Damaged status Shelving location Withdrawn status Current Location Full call number
2015-11-052015-11-05Library Block B 2015-11-05 FORRUA032429  B126 Library Block BFOR BO 1999 B126 Or.1
2015-11-052015-11-05Library Block B 2015-11-05 FORRUA032435  B126 Library Block BFOR BO 1999 B126 Or.2
មជ្ឈមណ្ឌលឯការនៃសាកលវិទ្យាល័យភូមិន្ទកសិកម្មចំការដូង

Powered by Koha